|
|
|
|
| LEADER |
02505nam a2200541 4500 |
| 001 |
ocn855779380 |
| 003 |
OCoLC |
| 005 |
20170124070354.3 |
| 006 |
m o d |
| 007 |
cr cnu|||unuuu |
| 008 |
130814s2013 nju ob 001 0 eng d |
| 040 |
|
|
|a DG1
|b eng
|e pn
|c DG1
|d IDEBK
|d CUI
|d OCLCF
|d COD
|d OCLCQ
|d DEBBG
|d OCLCQ
|d GrThAP
|
| 020 |
|
|
|a 9781118576892
|q (electronic bk.)
|
| 020 |
|
|
|a 1118576896
|q (electronic bk.)
|
| 020 |
|
|
|z 9781848214019
|
| 029 |
1 |
|
|a AU@
|b 000052006912
|
| 029 |
1 |
|
|a CHBIS
|b 010441771
|
| 029 |
1 |
|
|a CHVBK
|b 334085004
|
| 029 |
1 |
|
|a DEBBG
|b BV041911362
|
| 029 |
1 |
|
|a DEBBG
|b BV043396150
|
| 029 |
1 |
|
|a DKDLA
|b 820120-katalog:000667297
|
| 029 |
1 |
|
|a GBVCP
|b 863146414
|
| 029 |
1 |
|
|a NZ1
|b 15341682
|
| 035 |
|
|
|a (OCoLC)855779380
|
| 050 |
|
4 |
|a QD553
|
| 082 |
0 |
4 |
|a 541/.37
|2 23
|
| 049 |
|
|
|a MAIN
|
| 245 |
0 |
0 |
|a Electrochemical components /
|c Marie-Cécile Péra [and others].
|
| 264 |
|
1 |
|a Hoboken, NJ :
|b Wiley ;
|c 2013.
|
| 264 |
|
1 |
|a London :
|b ISTE,
|c 2013.
|
| 300 |
|
|
|a 1 online resource.
|
| 336 |
|
|
|a text
|b txt
|2 rdacontent
|
| 337 |
|
|
|a computer
|b c
|2 rdamedia
|
| 338 |
|
|
|a online resource
|b cr
|2 rdacarrier
|
| 490 |
1 |
|
|a Electrical engineering series
|
| 505 |
0 |
|
|a Basic Concepts of Electrochemistry used in Electrical Engineering / Marie-Cécile Péra, Daniel Hissel, Hamid Gualous, Christophe Turpin -- Water Electrolyzers / Marie-Cécile Péra, Daniel Hissel, Hamid Gualous, Christophe Turpin -- Fuel Cells / Marie-Cécile Péra, Daniel Hissel, Hamid Gualous, Christophe Turpin -- Electrical Energy Storage by Supercapacitors -- Electrochemical Accumulators / Marie-Cécile Péra, Daniel Hissel, Hamid Gualous, Christophe Turpin -- Hybrid Electrical System / Marie-Cécile Péra, Daniel Hissel, Hamid Gualous, Christophe Turpin.
|
| 504 |
|
|
|a Includes bibliographical references and index (pages 309-320).
|
| 588 |
0 |
|
|a Online resource; title from PDF title page (Wiley, viewed Aug. 14, 2013).
|
| 650 |
|
0 |
|a Electrochemistry.
|
| 650 |
|
0 |
|a Electrochemistry, Industrial.
|
| 650 |
|
7 |
|a Electrochemistry.
|2 fast
|0 (OCoLC)fst00906371
|
| 650 |
|
7 |
|a Electrochemistry, Industrial.
|2 fast
|0 (OCoLC)fst00906383
|
| 655 |
|
4 |
|a Electronic books.
|
| 700 |
1 |
|
|a Péra, Marie-Cécile.
|
| 776 |
0 |
8 |
|i Print version:
|t Electrochemical components.
|d Hoboken, NJ, 2013
|z 9781848214019
|w (OCoLC)798615074
|
| 830 |
|
0 |
|a Electrical engineering series (John Wiley & Sons)
|
| 856 |
4 |
0 |
|u https://doi.org/10.1002/9781118576892
|z Full Text via HEAL-Link
|
| 994 |
|
|
|a 92
|b DG1
|